Statystyki dla Trasa Warszawskiej linii autobusowej 226

Kliknij tutaj aby rozwiązać quiz!

Ogólne statystyki

  • Ten quiz został rozwiązany 6 razy
  • Średni wynik to 15 z 22

Statystyki odpowiedzi

DzielnicaPrzystanek% Poprawnych
BiałołękaZdziarska-Kanał
100%
BiałołękaBerensona
75%
BiałołękaBerensona-Kanał
75%
BiałołękaBohuna
75%
TargówekGłębocka
75%
TargówekGłębocka
75%
TargówekKlub Sportowy Polonez
75%
TargówekMetro Bródno
75%
TargówekMetro Bródno
75%
Białołęka / TargówekOstródzka
75%
Białołęka / TargówekOstródzka
75%
TargówekSuwalska
75%
TargówekTurmoncka
75%
BiałołękaAtrakcyjna
50%
BiałołękaJuranda ze Spychowa
50%
BiałołękaKąty Grodziskie
50%
BiałołękaKrzemienna
50%
BiałołękaSkarbka z Gór
50%
BiałołękaSkarbka z Gór
50%
BiałołękaSpichrzowa
50%
BiałołękaWspółczesna
50%
BiałołękaWyszkowska
50%

Rozkład punktacji

Percentyl według liczby udzielonych odpowiedzi

Procent ludzi z każdym wynikiem

Twoja historia wyników

Nie rozwiązałeś tego quizu